[Event "Grand Swiss "]
[Date "2025.09.15"]
[White "Donchenko, Alexander"]
[Black "Karthikeyan, Murali"]
[WhiteElo "2624"]
[BlackElo "2669"]
[Round "11.11.37"]
[Result "1-0"]

1. d4 {[%clk 01:40:56] [%emt 00:00:02]} Nf6 {[%clk 01:40:44] [%emt 00:00:17]} 2.
c4 {[%clk 01:41:10] [%emt 00:00:16]} e6 {[%clk 01:40:59] [%emt 00:00:14]} 3. Nf3
{[%clk 01:41:20] [%emt 00:00:20]} d5 {[%clk 01:41:15] [%emt 00:00:15]} 4. Nc3
{[%clk 01:41:34] [%emt 00:00:16]} a6 {[%clk 01:40:51] [%emt 00:00:54]} 5. cxd5
{[%clk 01:40:58] [%emt 00:01:06]} exd5 {[%clk 01:41:15] [%emt 00:00:06]} 6. Bg5
{[%clk 01:41:13] [%emt 00:00:14]} Be6 {[%clk 01:41:38] [%emt 00:00:07]} 7. e3
{[%clk 01:41:25] [%emt 00:00:18]} Nbd7 {[%clk 01:41:38] [%emt 00:00:30]} 8. Bd3
{[%clk 01:40:17] [%emt 00:01:38]} Bd6 {[%clk 01:41:39] [%emt 00:00:28]} 9. Bf4
{[%clk 01:39:34] [%emt 00:01:14]} Bxf4 {[%clk 01:41:44] [%emt 00:00:24]} 10.
exf4 {[%clk 01:39:58] [%emt 00:00:06]} Bg4 {[%clk 01:42:08] [%emt 00:00:06]} 11.
Qe2+ {[%clk 01:37:12] [%emt 00:03:16]} Kf8 {[%clk 01:42:02] [%emt 00:00:36]} 12.
h3 {[%clk 01:36:17] [%emt 00:01:24]} Bxf3 {[%clk 01:42:15] [%emt 00:00:17]} 13.
Qxf3 {[%clk 01:36:41] [%emt 00:00:07]} Qe7+ {[%clk 01:41:57] [%emt 00:00:49]}
14. Kf1 {[%clk 01:36:30] [%emt 00:00:41]} c6 {[%clk 01:33:50] [%emt 00:08:37]}
15. a3 {[%clk 01:20:02] [%emt 00:16:59]} g6 {[%clk 01:13:26] [%emt 00:20:54]}
16. g4 {[%clk 01:17:16] [%emt 00:03:15]} Ne8 {[%clk 01:13:23] [%emt 00:00:33]}
17. Re1 {[%clk 01:11:01] [%emt 00:06:45]} Qd6 {[%clk 01:06:37] [%emt 00:07:16]}
18. h4 {[%clk 00:55:52] [%emt 00:15:39]} Ng7 {[%clk 01:04:49] [%emt 00:02:17]}
19. Ne2 {[%clk 00:38:05] [%emt 00:18:18]} Re8 {[%clk 00:49:10] [%emt 00:16:10]}
20. Kg2 {[%clk 00:33:12] [%emt 00:05:23]} Rg8 {[%clk 00:37:06] [%emt 00:12:33]}
21. f5 {[%clk 00:27:30] [%emt 00:06:13]} gxf5 {[%clk 00:35:17] [%emt 00:02:19]}
22. Bxf5 {[%clk 00:27:20] [%emt 00:00:39]} Nxf5 {[%clk 00:22:46] [%emt
00:13:01]} 23. Qxf5 {[%clk 00:27:44] [%emt 00:00:05]} Re6 {[%clk 00:22:56] [%emt
00:00:20]} 24. Ng3 {[%clk 00:18:43] [%emt 00:09:32]} Rf6 {[%clk 00:21:17] [%emt
00:02:10]} 25. Qxh7 {[%clk 00:18:43] [%emt 00:00:29]} Rfg6 {[%clk 00:21:14]
[%emt 00:00:32]} 26. h5 {[%clk 00:18:24] [%emt 00:00:50]} Rxg4 {[%clk 00:21:15]
[%emt 00:00:29]} 27. Re3 {[%clk 00:18:15] [%emt 00:00:39]} Qf4 {[%clk 00:15:55]
[%emt 00:05:50]} 28. Rf3 {[%clk 00:12:39] [%emt 00:06:06]} Nf6 {[%clk 00:16:21]
[%emt 00:00:05]} 29. Qc2 {[%clk 00:10:51] [%emt 00:02:18]} Qe4 {[%clk 00:14:48]
[%emt 00:02:02]} 30. Qc5+ {[%clk 00:11:10] [%emt 00:00:11]} Kg7 {[%clk 00:13:36]
[%emt 00:01:42]} 31. Rh4 {[%clk 00:08:40] [%emt 00:03:00]} Rxh4 {[%clk 00:10:56]
[%emt 00:03:10]} 32. Nxe4 {[%clk 00:09:07] [%emt 00:00:03]} Nxe4 {[%clk
00:11:17] [%emt 00:00:09]} 33. Qb4 {[%clk 00:06:29] [%emt 00:03:08]} c5 {[%clk
00:08:07] [%emt 00:03:41]} 34. dxc5 {[%clk 00:05:57] [%emt 00:01:02]} Kh6+
{[%clk 00:07:36] [%emt 00:01:01]} 35. Kf1 {[%clk 00:05:36] [%emt 00:00:50]} Ng3+
{[%clk 00:08:00] [%emt 00:00:07]} 36. fxg3 {[%clk 00:05:42] [%emt 00:00:25]}
Rxb4 {[%clk 00:08:28] [%emt 00:00:02]} 37. axb4 {[%clk 00:06:07] [%emt
00:00:05]} Rg4 {[%clk 00:06:48] [%emt 00:02:09]} 38. Rf6+ {[%clk 00:04:01] [%emt
00:02:36]} Kxh5 {[%clk 00:07:10] [%emt 00:00:08]} 39. Rb6 {[%clk 00:04:25] [%emt
00:00:05]} Kg5 {[%clk 00:03:05] [%emt 00:04:35]} 40. Rxb7 {[%clk 00:01:55] [%emt
00:03:00]} Kf6 {[%clk 00:03:21] [%emt 00:00:14]} 41. Kf2 {[%clk 00:48:21] [%emt
00:04:04]} Ke5 {[%clk 00:51:07] [%emt 00:02:44]} 42. b3 {[%clk 00:39:50] [%emt
00:09:01]} f5 {[%clk 00:46:23] [%emt 00:05:14]} 43. Re7+ {[%clk 00:33:19] [%emt
00:07:00]} Kd4 {[%clk 00:46:32] [%emt 00:00:21]} 44. Re6 {[%clk 00:31:08] [%emt
00:02:42]} Kc3 {[%clk 00:42:53] [%emt 00:04:09]} 45. Rxa6 {[%clk 00:25:54] [%emt
00:05:44]} Kxb3 {[%clk 00:40:23] [%emt 00:03:00]} 46. Rb6 {[%clk 00:24:18] [%emt
00:02:06]} Rc4 {[%clk 00:37:07] [%emt 00:03:47]} 47. c6 {[%clk 00:19:33] [%emt
00:05:15]} d4 {[%clk 00:37:26] [%emt 00:00:10]} 48. b5 {[%clk 00:18:57] [%emt
00:01:06]} d3 {[%clk 00:35:07] [%emt 00:02:49]} 49. Rb7 {[%clk 00:17:34] [%emt
00:01:54]} d2 {[%clk 00:28:55] [%emt 00:06:42]} 50. Ke2 {[%clk 00:12:38] [%emt
00:05:26]} 1-0

[Site "Europe Echecs"]

[Event "Grand Swiss "]
[Date "2025.09.15"]
[White "Henriquez Villagra, Cristobal"]
[Black "Artemiev, Vladislav"]
[WhiteElo "2594"]
[BlackElo "2664"]
[Round "11.11.38"]
[Result "1-0"]

1. e4 {[%clk 01:40:57] [%emt 00:00:02]} c5 {[%clk 01:39:19] [%emt 00:01:41]} 2.
Nf3 {[%clk 01:41:20] [%emt 00:00:07]} d6 {[%clk 01:39:39] [%emt 00:00:11]} 3. d4
{[%clk 01:41:34] [%emt 00:00:17]} cxd4 {[%clk 01:39:58] [%emt 00:00:11]} 4. Nxd4
{[%clk 01:41:56] [%emt 00:00:07]} Nf6 {[%clk 01:40:15] [%emt 00:00:12]} 5. Nc3
{[%clk 01:42:21] [%emt 00:00:05]} a6 {[%clk 01:40:28] [%emt 00:00:18]} 6. h3
{[%clk 01:38:20] [%emt 00:04:31]} e5 {[%clk 01:39:31] [%emt 00:01:27]} 7. Nb3
{[%clk 01:38:43] [%emt 00:00:06]} Be7 {[%clk 01:39:35] [%emt 00:00:26]} 8. g4
{[%clk 01:35:29] [%emt 00:03:44]} h6 {[%clk 01:38:29] [%emt 00:01:36]} 9. Be3
{[%clk 01:35:30] [%emt 00:00:29]} b5 {[%clk 01:38:08] [%emt 00:00:52]} 10. Nd5
{[%clk 01:27:40] [%emt 00:08:20]} Bb7 {[%clk 01:37:50] [%emt 00:00:47]} 11. a4
{[%clk 01:27:03] [%emt 00:01:07]} Nxd5 {[%clk 01:27:06] [%emt 00:11:14]} 12.
exd5 {[%clk 01:27:10] [%emt 00:00:23]} Nd7 {[%clk 01:27:02] [%emt 00:00:34]} 13.
Rg1 {[%clk 01:23:54] [%emt 00:03:46]} b4 {[%clk 01:15:35] [%emt 00:11:57]} 14.
Qd2 {[%clk 01:22:04] [%emt 00:02:19]} Nf6 {[%clk 01:14:13] [%emt 00:01:53]} 15.
Bg2 {[%clk 01:22:06] [%emt 00:00:28]} Qc7 {[%clk 00:37:13] [%emt 00:37:31]} 16.
O-O-O {[%clk 01:15:19] [%emt 00:07:16]} Rc8 {[%clk 00:34:53] [%emt 00:02:51]}
17. Kb1 {[%clk 01:14:59] [%emt 00:00:50]} e4 {[%clk 00:34:21] [%emt 00:01:02]}
18. Bd4 {[%clk 00:58:13] [%emt 00:17:15]} Bxd5 {[%clk 00:20:59] [%emt 00:13:53]}
19. h4 {[%clk 00:55:29] [%emt 00:03:13]} Qc6 {[%clk 00:05:33] [%emt 00:15:56]}
20. g5 {[%clk 00:49:45] [%emt 00:06:15]} hxg5 {[%clk 00:05:58] [%emt 00:00:06]}
21. hxg5 {[%clk 00:50:10] [%emt 00:00:05]} Nd7 {[%clk 00:03:29] [%emt 00:02:59]}
22. Be3 {[%clk 00:43:39] [%emt 00:07:00]} Be6 {[%clk 00:02:52] [%emt 00:01:06]}
23. Nd4 {[%clk 00:40:06] [%emt 00:04:03]} Qxa4 {[%clk 00:03:18] [%emt 00:00:05]}
24. b3 {[%clk 00:36:15] [%emt 00:04:21]} Qa5 {[%clk 00:02:43] [%emt 00:01:05]}
25. Nxe6 {[%clk 00:36:20] [%emt 00:00:24]} fxe6 {[%clk 00:03:09] [%emt
00:00:05]} 26. Bxe4 {[%clk 00:36:46] [%emt 00:00:04]} d5 {[%clk 00:02:27] [%emt
00:01:12]} 27. Bg6+ {[%clk 00:32:01] [%emt 00:05:13]} Kd8 {[%clk 00:02:54] [%emt
00:00:04]} 28. f4 {[%clk 00:31:07] [%emt 00:01:24]} Bc5 {[%clk 00:00:48] [%emt
00:02:36]} 29. Rge1 {[%clk 00:26:17] [%emt 00:05:21]} Rh3 {[%clk 00:00:40] [%emt
00:00:38]} 30. Bd4 {[%clk 00:24:48] [%emt 00:01:59]} Bxd4 {[%clk 00:00:44] [%emt
00:00:26]} 31. Qxd4 {[%clk 00:25:13] [%emt 00:00:04]} Rcc3 {[%clk 00:00:45]
[%emt 00:00:30]} 32. Rxe6 {[%clk 00:20:51] [%emt 00:04:52]} Rxb3+ {[%clk
00:00:45] [%emt 00:00:30]} 33. cxb3 {[%clk 00:21:09] [%emt 00:00:11]} Rxb3+
{[%clk 00:01:11] [%emt 00:00:04]} 34. Kc1 {[%clk 00:21:26] [%emt 00:00:14]} Qa3+
{[%clk 00:00:34] [%emt 00:01:07]} 35. Kd2 {[%clk 00:21:50] [%emt 00:00:05]} Rb2+
{[%clk 00:00:58] [%emt 00:00:07]} 36. Bc2 {[%clk 00:22:12] [%emt 00:00:08]} b3
{[%clk 00:00:54] [%emt 00:00:34]} 37. Rc1 {[%clk 00:08:52] [%emt 00:13:50]} bxc2
{[%clk 00:00:38] [%emt 00:00:46]} 38. Rxc2 {[%clk 00:06:18] [%emt 00:03:05]}
Qa5+ {[%clk 00:00:57] [%emt 00:00:12]} 39. Qc3 {[%clk 00:06:38] [%emt 00:00:09]}
Rxc2+ {[%clk 00:01:15] [%emt 00:00:11]} 40. Kxc2 {[%clk 00:07:05] [%emt
00:00:04]} Qa4+ {[%clk 00:00:36] [%emt 00:01:10]} 41. Kb2 {[%clk 00:02:25] [%emt
00:05:09]} Qb5+ {[%clk 00:14:35] [%emt 00:36:31]} 42. Ka3 {[%clk 00:50:45] [%emt
00:02:10]} Nc5 {[%clk 00:12:53] [%emt 00:02:12]} 43. Rd6+ {[%clk 00:46:43] [%emt
00:04:31]} Kc7 {[%clk 00:06:03] [%emt 00:07:21]} 44. Rxd5 {[%clk 00:46:42] [%emt
00:00:31]} Qa4+ {[%clk 00:06:27] [%emt 00:00:06]} 45. Kb2 {[%clk 00:47:08] [%emt
00:00:03]} Qb5+ {[%clk 00:06:49] [%emt 00:00:09]} 46. Kc1 {[%clk 00:46:36] [%emt
00:01:02]} Qf1+ {[%clk 00:06:16] [%emt 00:01:02]} 47. Kc2 {[%clk 00:47:01] [%emt
00:00:05]} Qe2+ {[%clk 00:06:02] [%emt 00:00:44]} 48. Rd2 {[%clk 00:46:28] [%emt
00:01:03]} Qe4+ {[%clk 00:05:48] [%emt 00:00:44]} 49. Kb2 {[%clk 00:46:17] [%emt
00:00:41]} Kb6 {[%clk 00:02:26] [%emt 00:03:52]} 50. Qd4 {[%clk 00:46:18] [%emt
00:00:28]} Qe8 {[%clk 00:00:31] [%emt 00:02:25]} 51. Ka3 {[%clk 00:43:44] [%emt
00:03:05]} Qc8 {[%clk 00:00:45] [%emt 00:00:16]} 52. Rb2+ {[%clk 00:43:42] [%emt
00:00:31]} Ka7 {[%clk 00:00:55] [%emt 00:00:20]} 53. Rc2 {[%clk 00:44:05] [%emt
00:00:07]} Kb6 {[%clk 00:01:20] [%emt 00:00:06]} 54. Qb4+ {[%clk 00:44:30] [%emt
00:00:05]} Ka7 {[%clk 00:01:46] [%emt 00:00:04]} 55. Qxc5+ {[%clk 00:44:56]
[%emt 00:00:04]} Qxc5+ {[%clk 00:02:10] [%emt 00:00:06]} 56. Rxc5 {[%clk
00:45:23] [%emt 00:00:03]} 1-0

[Site "Europe Echecs"]

[Event "Grand Swiss "]
[Date "2025.09.15"]
[White "Aryan Chopra"]
[Black "Bjerre, Jonas Buhl"]
[WhiteElo "2619"]
[BlackElo "2651"]
[Round "11.11.39"]
[Result "1-0"]

1. e4 {[%clk 01:40:57] [%emt 00:00:02]} c5 {[%clk 01:40:55] [%emt 00:00:06]} 2.
Nf3 {[%clk 01:41:22] [%emt 00:00:05]} d6 {[%clk 01:41:20] [%emt 00:00:04]} 3. d4
{[%clk 01:41:48] [%emt 00:00:05]} cxd4 {[%clk 01:41:46] [%emt 00:00:04]} 4. Nxd4
{[%clk 01:42:14] [%emt 00:00:04]} Nf6 {[%clk 01:42:12] [%emt 00:00:04]} 5. f3
{[%clk 01:42:39] [%emt 00:00:06]} e5 {[%clk 01:40:32] [%emt 00:02:10]} 6. Nb3
{[%clk 01:43:03] [%emt 00:00:05]} Be7 {[%clk 01:38:02] [%emt 00:03:00]} 7. c4
{[%clk 01:43:16] [%emt 00:00:17]} a5 {[%clk 01:36:28] [%emt 00:02:04]} 8. Be3
{[%clk 01:43:30] [%emt 00:00:16]} O-O {[%clk 01:33:26] [%emt 00:03:33]} 9. Nc3
{[%clk 01:43:46] [%emt 00:00:13]} Nc6 {[%clk 01:31:57] [%emt 00:01:59]} 10. Be2
{[%clk 01:42:19] [%emt 00:01:58]} Nh5 {[%clk 01:29:47] [%emt 00:02:39]} 11. Nd5
{[%clk 01:41:04] [%emt 00:01:45]} a4 {[%clk 01:25:13] [%emt 00:05:04]} 12. Bb6
{[%clk 01:31:24] [%emt 00:10:10]} Qd7 {[%clk 01:23:43] [%emt 00:02:00]} 13. Nd2
{[%clk 01:29:37] [%emt 00:02:17]} Nf4 {[%clk 01:13:53] [%emt 00:10:19]} 14. O-O
{[%clk 01:29:51] [%emt 00:00:16]} Bd8 {[%clk 01:05:01] [%emt 00:09:23]} 15. Be3
{[%clk 01:20:19] [%emt 00:10:02]} Nxd5 {[%clk 00:59:07] [%emt 00:06:23]} 16.
cxd5 {[%clk 01:20:05] [%emt 00:00:45]} Nd4 {[%clk 00:59:26] [%emt 00:00:10]} 17.
Bxd4 {[%clk 01:17:03] [%emt 00:03:33]} exd4 {[%clk 00:59:52] [%emt 00:00:04]}
18. Bd3 {[%clk 01:17:29] [%emt 00:00:04]} Qe7 {[%clk 00:57:12] [%emt 00:03:09]}
19. f4 {[%clk 01:11:45] [%emt 00:06:14]} f5 {[%clk 00:53:08] [%emt 00:04:34]}
20. Qf3 {[%clk 01:09:30] [%emt 00:02:45]} Bd7 {[%clk 00:43:39] [%emt 00:10:00]}
21. Rae1 {[%clk 00:53:37] [%emt 00:16:22]} Ba5 {[%clk 00:42:36] [%emt 00:01:32]}
22. exf5 {[%clk 00:54:02] [%emt 00:00:05]} Qf7 {[%clk 00:42:28] [%emt 00:00:38]}
23. Re2 {[%clk 00:45:23] [%emt 00:09:10]} Bxd2 {[%clk 00:35:50] [%emt 00:07:08]}
24. Rxd2 {[%clk 00:45:49] [%emt 00:00:04]} Rae8 {[%clk 00:35:23] [%emt
00:00:57]} 25. Be4 {[%clk 00:41:55] [%emt 00:04:24]} Bxf5 {[%clk 00:34:49] [%emt
00:01:03]} 26. Rxd4 {[%clk 00:36:31] [%emt 00:05:55]} Qf6 {[%clk 00:32:14] [%emt
00:03:05]} 27. Rxa4 {[%clk 00:36:47] [%emt 00:00:14]} Qxb2 {[%clk 00:29:31]
[%emt 00:03:13]} 28. Bxf5 {[%clk 00:36:14] [%emt 00:01:04]} Rxf5 {[%clk
00:29:54] [%emt 00:00:06]} 29. Re4 {[%clk 00:36:10] [%emt 00:00:34]} Ref8 {[%clk
00:27:10] [%emt 00:03:14]} 30. a3 {[%clk 00:34:07] [%emt 00:02:33]} Qb6+ {[%clk
00:19:46] [%emt 00:07:55]} 31. Kh1 {[%clk 00:34:06] [%emt 00:00:31]} Rxd5 {[%clk
00:18:26] [%emt 00:01:50]} 32. Re7 {[%clk 00:30:58] [%emt 00:03:37]} Qb5 {[%clk
00:16:27] [%emt 00:02:29]} 33. h3 {[%clk 00:29:58] [%emt 00:01:30]} Rd3 {[%clk
00:14:31] [%emt 00:02:26]} 34. Qe2 {[%clk 00:30:16] [%emt 00:00:12]} Rd5 {[%clk
00:05:26] [%emt 00:09:35]} 35. Qe6+ {[%clk 00:23:42] [%emt 00:07:05]} Kh8 {[%clk
00:05:52] [%emt 00:00:04]} 36. Rc1 {[%clk 00:24:08] [%emt 00:00:04]} Rc5 {[%clk
00:04:42] [%emt 00:01:40]} 37. Rd1 {[%clk 00:24:20] [%emt 00:00:17]} Rcf5 {[%clk
00:02:13] [%emt 00:03:00]} 38. Qxd6 {[%clk 00:24:20] [%emt 00:00:31]} R5f6
{[%clk 00:01:27] [%emt 00:01:16]} 39. Qe5 {[%clk 00:19:28] [%emt 00:05:22]} Qxe5
{[%clk 00:00:51] [%emt 00:01:06]} 40. fxe5 {[%clk 00:19:54] [%emt 00:00:05]} Ra6
{[%clk 00:00:40] [%emt 00:00:41]} 41. Rd3 {[%clk 00:08:46] [%emt 00:11:38]} Ra5
{[%clk 00:48:16] [%emt 00:02:53]} 42. Rb3 {[%clk 00:51:31] [%emt 00:07:45]} Rg8
{[%clk 00:45:30] [%emt 00:03:16]} 43. e6 {[%clk 00:51:31] [%emt 00:00:30]} Ra6
{[%clk 00:45:27] [%emt 00:00:33]} 44. Re3 {[%clk 00:49:03] [%emt 00:02:58]} Rb6
{[%clk 00:45:19] [%emt 00:00:39]} 45. Rf7 {[%clk 00:42:42] [%emt 00:06:51]} Re8
{[%clk 00:44:49] [%emt 00:01:00]} 46. Rg3 {[%clk 00:42:50] [%emt 00:00:22]} g6
{[%clk 00:40:51] [%emt 00:04:28]} 47. e7 {[%clk 00:43:05] [%emt 00:00:16]} Kg8
{[%clk 00:41:07] [%emt 00:00:13]} 48. Rgf3 {[%clk 00:43:30] [%emt 00:00:05]} 1-0

[Site "Europe Echecs"]

[Event "Grand Swiss "]
[Date "2025.09.15"]
[White "Bartel, Mateusz"]
[Black "Indjic, Aleksandar"]
[WhiteElo "2581"]
[BlackElo "2650"]
[Round "11.11.40"]
[Result "0-1"]

1. e4 {[%clk 01:40:57] [%emt 00:00:02]} c5 {[%clk 01:40:25] [%emt 00:00:36]} 2.
Nf3 {[%clk 01:41:20] [%emt 00:00:07]} e6 {[%clk 01:40:48] [%emt 00:00:07]} 3. d4
{[%clk 01:41:43] [%emt 00:00:06]} cxd4 {[%clk 01:41:12] [%emt 00:00:06]} 4. Nxd4
{[%clk 01:42:08] [%emt 00:00:05]} a6 {[%clk 01:41:35] [%emt 00:00:08]} 5. Nc3
{[%clk 01:42:05] [%emt 00:00:33]} b5 {[%clk 01:41:56] [%emt 00:00:08]} 6. Bd3
{[%clk 01:35:14] [%emt 00:07:20]} Bb7 {[%clk 01:42:04] [%emt 00:00:23]} 7. O-O
{[%clk 01:35:08] [%emt 00:00:36]} Nc6 {[%clk 01:42:18] [%emt 00:00:17]} 8. Nxc6
{[%clk 01:34:45] [%emt 00:00:53]} Bxc6 {[%clk 01:42:40] [%emt 00:00:08]} 9. Qe2
{[%clk 01:34:22] [%emt 00:00:53]} Be7 {[%clk 01:41:52] [%emt 00:01:17]} 10. b3
{[%clk 01:30:32] [%emt 00:04:20]} b4 {[%clk 01:18:32] [%emt 00:23:50]} 11. Nd1
{[%clk 01:16:27] [%emt 00:14:35]} a5 {[%clk 01:17:01] [%emt 00:02:01]} 12. Ne3
{[%clk 00:56:04] [%emt 00:20:52]} Nf6 {[%clk 01:15:43] [%emt 00:01:49]} 13. e5
{[%clk 00:56:03] [%emt 00:00:31]} Nd5 {[%clk 01:16:07] [%emt 00:00:06]} 14. Qg4
{[%clk 00:56:01] [%emt 00:00:32]} g6 {[%clk 01:15:27] [%emt 00:01:10]} 15. Nxd5
{[%clk 00:54:09] [%emt 00:02:22]} Bxd5 {[%clk 01:15:51] [%emt 00:00:06]} 16. Bh6
{[%clk 00:54:14] [%emt 00:00:25]} Rc8 {[%clk 01:09:30] [%emt 00:06:52]} 17. Rad1
{[%clk 00:51:52] [%emt 00:02:52]} Bf8 {[%clk 01:09:34] [%emt 00:00:26]} 18. Qf4
{[%clk 00:48:43] [%emt 00:03:39]} Bxh6 {[%clk 01:04:27] [%emt 00:05:37]} 19.
Qxh6 {[%clk 00:49:09] [%emt 00:00:03]} Qe7 {[%clk 01:04:47] [%emt 00:00:11]} 20.
Rfe1 {[%clk 00:34:42] [%emt 00:14:58]} Qf8 {[%clk 01:05:08] [%emt 00:00:09]} 21.
Qf4 {[%clk 00:35:10] [%emt 00:00:02]} Qe7 {[%clk 01:05:03] [%emt 00:00:35]} 22.
h4 {[%clk 00:24:50] [%emt 00:10:50]} h6 {[%clk 01:05:20] [%emt 00:00:13]} 23.
Be4 {[%clk 00:22:57] [%emt 00:02:23]} Bxe4 {[%clk 01:04:29] [%emt 00:01:21]} 24.
Qxe4 {[%clk 00:22:31] [%emt 00:00:56]} O-O {[%clk 01:04:38] [%emt 00:00:21]} 25.
Rd6 {[%clk 00:22:26] [%emt 00:00:35]} Rc7 {[%clk 01:02:05] [%emt 00:03:02]} 26.
Red1 {[%clk 00:22:50] [%emt 00:00:06]} Rfc8 {[%clk 01:01:14] [%emt 00:01:21]}
27. R1d2 {[%clk 00:23:18] [%emt 00:00:02]} Kg7 {[%clk 01:01:32] [%emt 00:00:12]}
28. g3 {[%clk 00:23:43] [%emt 00:00:05]} Rb8 {[%clk 00:59:24] [%emt 00:02:37]}
29. Qe2 {[%clk 00:22:40] [%emt 00:01:34]} Rbb7 {[%clk 00:57:19] [%emt 00:02:35]}
30. Qd1 {[%clk 00:21:42] [%emt 00:01:27]} Qd8 {[%clk 00:56:50] [%emt 00:00:57]}
31. h5 {[%clk 00:20:51] [%emt 00:01:23]} g5 {[%clk 00:56:37] [%emt 00:00:44]}
32. R2d3 {[%clk 00:21:00] [%emt 00:00:21]} Qc8 {[%clk 00:53:51] [%emt 00:03:14]}
33. Qf3 {[%clk 00:21:19] [%emt 00:00:12]} Qd8 {[%clk 00:54:08] [%emt 00:00:13]}
34. Qe4 {[%clk 00:20:15] [%emt 00:01:34]} Rb5 {[%clk 00:52:14] [%emt 00:02:24]}
35. Rxe6 {[%clk 00:19:46] [%emt 00:00:59]} fxe6 {[%clk 00:52:37] [%emt
00:00:06]} 36. Qg6+ {[%clk 00:20:12] [%emt 00:00:05]} Kh8 {[%clk 00:52:59] [%emt
00:00:08]} 37. Qxh6+ {[%clk 00:20:33] [%emt 00:00:09]} Kg8 {[%clk 00:53:23]
[%emt 00:00:05]} 38. Qg6+ {[%clk 00:19:39] [%emt 00:01:24]} Kh8 {[%clk 00:53:47]
[%emt 00:00:07]} 39. Rf3 {[%clk 00:18:56] [%emt 00:01:13]} d5 {[%clk 00:53:11]
[%emt 00:01:06]} 40. Qh6+ {[%clk 00:06:59] [%emt 00:12:27]} Kg8 {[%clk 00:53:11]
[%emt 00:00:29]} 41. Qxe6+ {[%clk 00:07:24] [%emt 00:00:06]} Kh8 {[%clk
00:53:35] [%emt 00:00:06]} 42. Rf6 {[%clk 00:01:14] [%emt 00:06:40]} Rh7 {[%clk
00:40:24] [%emt 00:13:40]} 43. h6 {[%clk 00:49:05] [%emt 00:02:40]} Rb8 {[%clk
01:25:33] [%emt 00:05:22]} 44. Qf5 {[%clk 00:48:33] [%emt 00:01:01]} Qe7 {[%clk
01:15:24] [%emt 00:10:39]} 45. e6 {[%clk 00:48:01] [%emt 00:01:02]} Rg8 {[%clk
01:15:47] [%emt 00:00:06]} 46. Kf1 {[%clk 00:33:11] [%emt 00:15:20]} g4 {[%clk
01:14:59] [%emt 00:01:18]} 47. Ke2 {[%clk 00:22:01] [%emt 00:11:41]} Qc5 {[%clk
01:13:37] [%emt 00:01:46]} 48. Kf1 {[%clk 00:06:58] [%emt 00:15:39]} Qd4 {[%clk
01:13:21] [%emt 00:00:46]} 49. Kg1 {[%clk 00:07:26] [%emt 00:00:02]} Qe4 {[%clk
01:12:48] [%emt 00:01:03]} 50. Qh5 {[%clk 00:07:50] [%emt 00:00:06]} Re7 {[%clk
01:08:13] [%emt 00:05:05]} 0-1

[Site "Europe Echecs"]